| 000 | 00931cam a22002771 4500 | ||
|---|---|---|---|
| 001 | f 01002503 | ||
| 003 | DLC | ||
| 005 | 20260227111243.0 | ||
| 008 | 770920s1842 fr c b 001 0 fre | ||
| 010 | _af 01002503 | ||
| 035 | _a(OCoLC)3280274 | ||
| 040 |
_aDLC _cInNd _dDLC |
||
| 042 | _apremarc | ||
| 043 | _aa------ | ||
| 050 | 0 | 0 |
_aBV2185 _b.L8 |
| 082 |
_a275 _a[266.2] |
||
| 100 | 1 |
_aLuquet, J.-F.-O. _q(Jean Felix Onésime) |
|
| 245 | 0 | 0 |
_aLettres à mgr. l'évêque de Langres, _bsur la Congrégation des missions étrangères, _cpar J.-F.-O. Luquet. |
| 260 |
_aParis, _bGaume frères, _c1842. |
||
| 300 |
_a3 p. l., [iii]-xxxiv (i. e. xxxvi), 584 p., 1 l. _bfront. (port.) _c21 1/2 cm. |
||
| 500 | _aPage xxxvi incorrectly numbered xxxiv. | ||
| 504 | _a"Table des ouvrage cités": p. [577]-565. | ||
| 610 | 2 | 0 | _aMissions étrangères de Paris. |
| 610 | 2 | 0 |
_aCatholic Church _xMissions. |
| 650 | 0 |
_aMissions _zAsia. |
|
| 999 |
_c22842 _d22842 |
||